000 00350nam a22001457a 4500
999 _c12146
_d12146
020 _a978-93-325-8484-6
082 _a616.89
100 _aIrwin G.Sarason
245 _aAbnormal Psychology the Problem of Maladaptive Behavior
250 _a11th
260 _aNew York
_bPearson
_c2017
300 _a695
650 _aPsychology
942 _cBK